Sellos de los condes de Barcelona y reyes de Aragón / (Record no. 169316)

MARC details
000 -LEADER
campo de control de longitud fija 00634nam a22001935i 4500
001 - NÚMERO DE CONTROL
campo de control 169316
003 - IDENTIFICADOR DE NÚMERO DE CONTROL
campo de control ES-MaACL
005 - FECHA Y HORA DE LA ÚLTIMA TRANSACCIÓN
campo de control 20230906214046.0
008 - DATOS DE LONGITUD FIJA--INFORMACIÓN GENERAL
campo de control de longitud fija 080901s2005 sp |||| | spa d
080 ## - NÚMERO DE LA CLASIFICACIÓN DECIMAL UNIVERSAL
Número de la Clasificación Decimal Universal 929.6(460.23)
100 1# - ENTRADA PRINCIPAL--NOMBRE DE PERSONA
Nombre de persona Jáuregui Adell, Juan.
9 (RLIN) 138408
245 10 - MENCIÓN DEL TÍTULO
Título Sellos de los condes de Barcelona y reyes de Aragón /
Mención de responsabilidad, etc. J. Jáuregui Adell.
260 ## - PUBLICACIÓN, DISTRIBUCIÓN, ETC.
Lugar de publicación, distribución, etc. Madrid :
Nombre del editor, distribuidor, etc. Higalguía,
Fecha de publicación, distribución, etc. 2005.
300 ## - DESCRIPCIÓN FÍSICA
Extensión P. 209-255 :
Otras características físicas il. ;
Dimensiones 24 cm.
595 ## -
-- Separata de: Hidalguía, n. 309, 2005.
650 #4 - PUNTO DE ACCESO ADICIONAL DE MATERIA--TÉRMINO DE MATERIA
Término de materia o nombre geográfico como elemento de entrada Heráldica-
Subdivisión geográfica Cataluña.
9 (RLIN) 138409
650 #4 - PUNTO DE ACCESO ADICIONAL DE MATERIA--TÉRMINO DE MATERIA
Término de materia o nombre geográfico como elemento de entrada Heráldica-
Subdivisión geográfica Aragón (Reino)
9 (RLIN) 157659
852 ## - LOCALIZACIÓN
Ubicación ES-MaACL
Número de control de estantería 2233-F-17
Holdings
Estatus retirado Estado de pérdida Estado de daño No para préstamo Colección Biblioteca de origen Biblioteca actual Ubicación en estantería Fecha de adquisición Fuente de adquisición Total de préstamos Signatura topográfica completa Código de barras Visto por última vez Precio de reemplazo Tipo de ítem Koha
        Colección de folletos Biblioteca del Ateneo de Madrid Biblioteca del Ateneo de Madrid Depósito folletos 01/09/2008     2233-F-17 1177759 23/02/2023 23/02/2023 Folleto